| 000 | 00621nam a2200169 i 4500 | ||
|---|---|---|---|
| 001 | 76418 | ||
| 003 | ES-MaACL | ||
| 005 | 20230906172833.0 | ||
| 007 | t| | ||
| 008 | 041001s1923 sp ||||1| spa d | ||
| 245 | 0 | 0 |
_aGuía de Cuenca / _cedición hecha por el Museo Municipal de Arte ; textos de Baroja, de Buen-Giménez de Aguilar, Llopis y Zomeño. |
| 260 |
_aCuenca : _b[s.n.], _c1923 ( _fRuiz de Lara) |
||
| 300 |
_aXVIII, 238 p., 1 h., 12 lám., 2 plan. pleg. ; _c17 cm. |
||
| 651 | 4 |
_aCuenca (Provincia)- _vGuías turísticas. _9147607 |
|
| 700 | 1 |
_aGiménez de Aguilar, Juan. _9162532 |
|
| 852 |
_aES-MaACL _jF-12857 |
||
| 999 |
_c76418 _d76418 |
||